000 00265nam a2200109Ia 4500
008 200302s9999 xx 000 0 und d
100 _aGordon Cullen
245 _aThe Concise Townscape
260 _bTaylor and francis group Publishd
260 _c1971
300 _a199
999 _c6074
_d6074